000 00514nam a22002057a 4500
003 mut
005 20240606081254.0
008 171017b xxu||||| |||| 00| 0 eng d
020 _a0039229734
040 _cmut
050 _aHB172.2
_b.B3 1994
100 _aBumol, William J.
245 _aEconomics:
_bprinciples and policy
250 _a4th Canadian ed.
260 _aToronto
_bDryden
_cc1994
650 _aMacroeconomics
700 _aBlinder, Allan S.
700 _aScarth, William M.
942 _2lcc
_cBK
999 _c13617
_d13617